Normal view MARC view

Entry Nombre de reunión

Number of records used in: 4

001 - NÚMERO DE CONTROL

  • campo de control: 34357

003 - IDENTIFICADOR DEL NÚMERO DE CONTROL

  • campo de control: FranzMayer

005 - FECHA Y HORA DE LA ÚLTIMA TRANSACCIÓN

  • campo de control: 20260530113918.0

008 - DATOS DE LONGITUD FIJA

  • campo de control de longitud fija: 260530|| aca||aabn | a|a d

040 ## - FUENTE DE LA CATALOGACIÓN

  • Centro catalogador/agencia de origen: FranzMayer
  • Centro/agencia transcriptor: FranzMayer

111 ## - ENCABEZAMIENTO--NOMBRE DE CONGRESO/REUNIÓN

  • Nombre de congreso/reunión o jurisdicción como elemento de entrada: Congress of the council of societies of industrial design
  • Número del congreso/reunión o número de parte o sección: (11o. :
  • Fecha del congreso/reunión: México :
  • Sede del congreso/Lugar de la reunión: 1979)

670 ## - FUENTE DE DATOS ENCONTRADOS

  • Cita de la fuente: Work cat.: (FranzMayer)12360: autor, Diseño industrial como factor de desarrollo humano = Industrial design as a factor in human developmet